| 000 | 00506cam a2200193ua 4500 | ||
|---|---|---|---|
| 020 | _c25.00 | ||
| 041 |
_aeng _h |
||
| 082 |
_a632.9 _bATW/PE |
||
| 100 | _aAtwal, A S . | ||
| 245 |
_aPest population and assesment of crop losses / _cA S Atwal. _hTextual Documents |
||
| 250 |
_a1 / _b. |
||
| 260 |
_aNew Delhi : _bIndian Council for Agricultural Research , _c1989. |
||
| 300 | _a131 ; . | ||
| 365 | _a25.00 | ||
| 504 | _a | ||
| 700 | 1 | _aBalraj, Singh . | |
| 942 | _cBK | ||
| 999 |
_c7273 _d7273 |
||